Major British writers : under the general editorship of G. B. Harrison /

Bibliographic Details
Main Author: Harrison, G. B. (George Bagshawe), 1894-1991
Format: Book
Language:English
Published: New York : Harcourt, Brace, [1959]
Edition:Enl. ed.
Subjects:

MARC

Tag First Indicator Second Indicator Subfields
LEADER 00000cam a2200000 4500
001 in00000021571
005 20151007063640.0
008 720126s1959 nyu 00010 eng u
010 |a  59006482  
035 |a (OCoLC)00228872 
035 |9 AAD7903AM 
040 |c YNG  |d TXA  |d UtOrBLW 
049 |a TXAM  |v 1 [364084]  |v 2 [364085] 
050 0 |a PR1109  |b .H35 1959 
092 |a 820.8  |b H319m 
100 1 |a Harrison, G. B.  |q (George Bagshawe),  |d 1894-1991. 
245 1 0 |a Major British writers :  |b under the general editorship of G. B. Harrison /  |c The editors: Walter J. Bate [and others]. 
250 |a Enl. ed. 
264 1 |a New York :  |b Harcourt, Brace,  |c [1959] 
300 |a 2 volumes ;  |c 25 cm. 
336 |a text  |b txt  |2 rdacontent 
337 |a unmediated  |b n  |2 rdamedia 
338 |a volume  |b nc  |2 rdacarrier 
650 0 |a English literature. 
999 |a MARS 
999 f f |s 952fcfd6-b62e-37da-9814-952486cbb588  |i 6fdb09b9-c54a-3514-8445-6f4459ef73de  |t 0 
952 f f |p normal  |a Texas A&M University  |b College Station  |c Sterling C. Evans Library  |d Evans: Library Stacks  |t 0  |e PR1109 .H35 1959  |h Library of Congress classification  |i unmediated -- volume  |k v.1  |m A14801268195 
952 f f |p normal  |a Texas A&M University  |b College Station  |c Sterling C. Evans Library  |d Evans: Library Stacks  |t 0  |e PR1109 .H35 1959  |h Library of Congress classification  |i unmediated -- volume  |k v.2  |m A14801268200 
998 f f |a PR1109 .H35 1959  |s v.1-v.2  |t 0  |l Evans: Library Stacks